| 000 | 00710nac a22002291u 4500 | ||
|---|---|---|---|
| 010 | _a 84009655 | ||
| 020 | _a0070622426 : | ||
| 022 | _a0070665788 | ||
| 082 | 0 | 0 |
_a620.106 _bSTR |
| 090 |
_c9306 _d9306 |
||
| 100 | _aStreeter, Victor L. | ||
| 245 | 1 | 0 |
_aFluid mechanics / _cVictor L. Streeter, E. Benjamin Wylie. |
| 250 | _aMetric ed. | ||
| 260 |
_aNew York : _bMcGraw-Hill,c1981. _cc1981. |
||
| 300 |
_aix, 586 p. : _bill. ; _c25 cm. |
||
| 500 | _aDistributer: Al-Ahram. | ||
| 504 | _aIncludes bibliographies and index. | ||
| 511 | _aCatalogued By: Mahitab. | ||
| 650 | 0 | _aFluid mechanics. | |
| 700 | 1 | _aWylie, E. Benjamin. | |
| 942 |
_cBB _k620.106STR |
||
| 999 |
_c9306 _d9306 |
||